Heating, ventilating, and air-conditioning fundamental (Record no. 25835)

000 -LEADER
fixed length control field 00518nam a22001937a 4500
001 - CONTROL NUMBER
control field 25835
003 - CONTROL NUMBER IDENTIFIER
control field BD-DhUET
008 - FIXED-LENGTH DATA ELEMENTS--GENERAL INFORMATION
fixed length control field 150517b xxu||||| |||| 00| 0 eng d
040 ## - CATALOGING SOURCE
Transcribing agency 0
Modifying agency BD-DhUET
082 ## - DEWEY DECIMAL CLASSIFICATION NUMBER
Classification number 697
Item number SEV/1949
100 ## - MAIN ENTRY--PERSONAL NAME
Personal name Severns, William H.
245 ## - TITLE STATEMENT
Title Heating, ventilating, and air-conditioning fundamental
250 ## - EDITION STATEMENT
Edition statement 2nd ed.
260 ## - PUBLICATION, DISTRIBUTION, ETC. (IMPRINT)
Place of publication, distribution, etc. New York
Name of publisher, distributor, etc. John Wiley & Sons
Date of publication, distribution, etc. 1949
300 ## - PHYSICAL DESCRIPTION
Extent vii, 666 p.
Other physical details ill.
650 #0 - SUBJECT ADDED ENTRY--TOPICAL TERM
Topical term or geographic name as entry element Airconditioning Engineering
700 ## - ADDED ENTRY--PERSONAL NAME
Personal name Fellows, Julian R.
942 ## - ADDED ENTRY ELEMENTS (KOHA)
Koha item type General Book
Holdings
Koha normalized classification for sorting Shelving location Date acquired Koha item type Location (home branch) Koha date last seen Koha full call number Sublocation or collection (holding branch) Damaged status Withdrawn status Price effective from Copy number Not for loan Piece designation (barcode) Lost status Source of classification or shelving scheme
697_000000000000000_SEV_1949Circulation section2015-05-17General BookCentral Library, BUET2015-05-17697/SEV/1949Central Library, BUET  2015-05-171 1690  
697_000000000000000_SEV_1949Circulation section2015-05-17General BookCentral Library, BUET2015-05-17697/SEV/1949Central Library, BUET  2015-05-172 30